<?xml version="1.0" encoding="UTF-8"?>
<record
    xmlns:xsi="http://www.w3.org/2001/XMLSchema-instance"
    xsi:schemaLocation="http://www.loc.gov/MARC21/slim http://www.loc.gov/standards/marcxml/schema/MARC21slim.xsd"
    xmlns="http://www.loc.gov/MARC21/slim">

  <leader>01418cam a2200229 a 4500</leader>
  <controlfield tag="001">000003974</controlfield>
  <controlfield tag="005">20200929150640.0</controlfield>
  <controlfield tag="008">010309s2000    mx       b    001 f spa  </controlfield>
  <datafield tag="020" ind1=" " ind2=" ">
    <subfield code="a">9681906063</subfield>
  </datafield>
  <datafield tag="040" ind1=" " ind2=" ">
    <subfield code="a">DO-SdBNP</subfield>
    <subfield code="c">DLC</subfield>
    <subfield code="d">DLC</subfield>
  </datafield>
  <datafield tag="082" ind1=" " ind2=" ">
    <subfield code="a">M863.5</subfield>
    <subfield code="b">R382v</subfield>
  </datafield>
  <datafield tag="245" ind1="0" ind2="0">
    <subfield code="a">Relatos vertiginosos :</subfield>
    <subfield code="b">antolog&#xED;a de cuentos m&#xED;nimos /</subfield>
    <subfield code="c">selecci&#xF3;n y pr&#xF3;logo, Lauro Zavala.</subfield>
  </datafield>
  <datafield tag="260" ind1=" " ind2=" ">
    <subfield code="a">M&#xE9;xico, D.F. :</subfield>
    <subfield code="b">Alfaguara,</subfield>
    <subfield code="c">2000.</subfield>
  </datafield>
  <datafield tag="300" ind1=" " ind2=" ">
    <subfield code="a">[177] p. ;</subfield>
    <subfield code="c">22 cm.</subfield>
  </datafield>
  <datafield tag="504" ind1=" " ind2=" ">
    <subfield code="a">Bibliograf&#xED;as: p. 171 - [176].</subfield>
  </datafield>
  <datafield tag="505" ind1="0" ind2=" ">
    <subfield code="a">&#xD3;scar de la Borbolla -- Eduardo Galeano -- Juan Jos&#xE9; Arreola -- Augusto Monterroso -- Ana Mar&#xED;a Shua -- Luisa Valenzuela -- Felipe Garrido -- Manuel Mej&#xED;a Valera -- Luis Britto Garc&#xED;a -- Alfonso Reyes -- Macedonio Fern&#xE1;ndez -- Martha Cerda -- Segio Golwarz -- Mario Benedetti -- Ethel Krauze -- Guillermo Samperio -- Marcial Fern&#xE1;ndez -- Luis Humberto Crosthwaite --</subfield>
  </datafield>
  <datafield tag="505" ind1="0" ind2=" ">
    <subfield code="a">Adolfo Castanon -- Juan Armando Epple -- Eusebio Ruvalcaba -- Otto-Ra&#xFA;l Gonz&#xE1;lez -- Julio Torri -- Marco Denevi -- Jos&#xE9; de la Colina -- Salvador Elizondo -- Augusto Monterroso -- Pablo Urbanyi -- Marcelo B&#xE1;ez -- Jos&#xE9; de la Colina -- Lazlo Moussong -- Rafael Bulle Goyri -- Jairo An&#xED;bal Nino -- M&#xF3;nica Lav&#xED;n -- Edmundo Valades.</subfield>
  </datafield>
  <datafield tag="650" ind1=" " ind2="4">
    <subfield code="a">Cuentos mexicanos</subfield>
    <subfield code="9">11371</subfield>
  </datafield>
  <datafield tag="650" ind1=" " ind2="4">
    <subfield code="a">Literatura mexicana</subfield>
    <subfield code="y">SIGLO XX</subfield>
    <subfield code="9">9216</subfield>
  </datafield>
  <datafield tag="700" ind1="1" ind2=" ">
    <subfield code="a">Zavala, Lauro,</subfield>
    <subfield code="e">prol.</subfield>
    <subfield code="9">11929</subfield>
  </datafield>
  <datafield tag="910" ind1=" " ind2=" ">
    <subfield code="a">Catalogaci&#xF3;n por copia / LC</subfield>
  </datafield>
  <datafield tag="952" ind1=" " ind2=" ">
    <subfield code="0">0</subfield>
    <subfield code="1">0</subfield>
    <subfield code="5">2</subfield>
    <subfield code="7">0</subfield>
    <subfield code="8">MO</subfield>
    <subfield code="a">GR</subfield>
    <subfield code="b">GR</subfield>
    <subfield code="c">HD</subfield>
    <subfield code="d">2009-07-17</subfield>
    <subfield code="i">LF1</subfield>
    <subfield code="l">0</subfield>
    <subfield code="o">M863.5 R382v</subfield>
    <subfield code="p">3974-10</subfield>
    <subfield code="r">2020-06-25</subfield>
    <subfield code="w">2020-06-25</subfield>
    <subfield code="y">2</subfield>
    <subfield code="Z">Pr&#xE9;stamo interno</subfield>
  </datafield>
  <datafield tag="952" ind1=" " ind2=" ">
    <subfield code="0">0</subfield>
    <subfield code="1">1</subfield>
    <subfield code="5">0</subfield>
    <subfield code="7">1</subfield>
    <subfield code="8">MO</subfield>
    <subfield code="a">GR</subfield>
    <subfield code="b">GR</subfield>
    <subfield code="c">MI</subfield>
    <subfield code="d">2011-11-03</subfield>
    <subfield code="i">LF1</subfield>
    <subfield code="l">0</subfield>
    <subfield code="o">M863.5 R382v</subfield>
    <subfield code="p">3974-20</subfield>
    <subfield code="r">2020-06-25</subfield>
    <subfield code="t">e. 2</subfield>
    <subfield code="w">2020-06-25</subfield>
    <subfield code="y">1</subfield>
    <subfield code="Z">No se presta</subfield>
  </datafield>
  <datafield tag="999" ind1=" " ind2=" ">
    <subfield code="c">3793</subfield>
    <subfield code="d">3793</subfield>
  </datafield>
</record>
